000
00221nam a2200097Ia 4500
005
20251222120856.0
008
251222s1900||||xx |||||||||||||| ||spa||
082
_a
DVD0070/H51/1996
245
0
_a
Claroscuro:Shine
942
_c
DVD
999
_c
2409
_d
2409